|
|
|
|
| LEADER |
00000cam a2200000 a 4500 |
| 001 |
vtls008307951 |
| 003 |
SK-MaSNL |
| 005 |
20260301074839.0 |
| 008 |
190102s1971 xo a n 000 0 slo |
| 015 |
|
|
|a SNBA1972/01-00048
|
| 035 |
|
|
|a SK01SNK19720000168
|
| 035 |
|
|
|a SKM000002631
|
| 040 |
|
|
|a SNK
|b slo
|c SNK
|e AACR2
|
| 041 |
0 |
|
|a slo
|
| 044 |
|
|
|a xo
|c SK
|
| 080 |
|
|
|a 331.82:331.04
|2 1981
|
| 080 |
|
|
|a 331.04
|2 1981
|
| 100 |
1 |
|
|a Gilwann, Miroslav,
|d 1924-
|4 aut
|9 279362
|
| 245 |
1 |
0 |
|a Človek v pracovnom priestore
|b architektonická somatografia
|c Miroslav Gilwann, Přemysl Jeník
|
| 250 |
|
|
|a 1. vyd.
|
| 260 |
|
|
|a Bratislava
|b Práca
|c 1971
|e Bratislava
|f Polygrafické závody
|
| 300 |
|
|
|a 116 s.
|b ilustr.
|c 8°
|
| 366 |
|
|
|e 2600 výtl.
|
| 490 |
1 |
|
|a Človek a práca
|v zv. 2/71
|
| 500 |
|
|
|a Obsahuje bibliografiu
|
| 650 |
0 |
7 |
|a architektonická somatografia
|2 SNKPH
|9 398091
|
| 650 |
0 |
7 |
|a človek
|2 SNKPH
|9 16150
|
| 650 |
0 |
7 |
|a pracovné prostredie
|2 SNKPH
|9 1299
|
| 655 |
|
7 |
|a príručky
|2 SNKPH
|9 74364
|
| 700 |
1 |
|
|a Jeník, Přemysl
|4 aut
|9 62185
|
| 830 |
|
0 |
|a Človek a práca
|9 278936
|
| 852 |
|
|
|a Slovenská národná knižnica
|
| 958 |
|
|
|a OND
|
| 958 |
|
|
|a RK
|
| 958 |
|
|
|a NB
|
| 999 |
|
|
|c 648421
|d 650351
|
| 952 |
|
|
|a SNK
|b SNK
|y PREZ
|7 0
|p 17A0939896
|o snkSC 28501
|0 0
|1 0
|4 0
|d 2012-09-24
|l 0
|r 2025-09-11 00:00:00
|w 2026-02-23
|
| 952 |
|
|
|t P60, <04>, [BOOK], {604}
|a SNK
|b SNK
|y VYP
|7 0
|p 17A0235386
|o snkSC 28501 D1
|0 0
|1 0
|4 0
|d 2000-04-20
|l 0
|r 2005-01-01 00:00:00
|w 2026-02-23
|